000 00385nam a22001337a 4500
003 SGT
020 _a9788175973015
082 _a954
_bH79M
100 _aमहाराज, तपोवनम जी
245 _aहिमगिरी विहार
260 _bसेंट्रल चिन्मय मिशन ट्रस्ट
_c1979
300 _a330
942 _2ddc
_cBK
999 _c31931
_d31931